书目信息 |
| 题名: |
这就是男人
|
|
| 作者: | 亚涛 , 小理 , 天舒 编著 | |
| 分册: | ||
| 出版信息: | 北京 中国城市出版社 2003 |
|
| 页数: | 399页 | |
| 开本: | 21cm | |
| 丛书名: | ||
| 单 册: | ||
| 中图分类: | B844.6-49 | |
| 科图分类: | ||
| 主题词: | 男性--心理学--通俗读物 | |
| 电子资源: | ||
| ISBN: | 7-5074-1443-4 | |
| 000 | 00924nam0 22002657 450 | |
| 001 | 192004003973 | |
| 005 | 20070905100531.73 | |
| 010 | @a7-5074-1443-4@dCNY22.00 | |
| 100 | @a20070602d2003 ekmy0chiy0121 ea | |
| 101 | 0 | @achi |
| 102 | @aCN@b110000 | |
| 105 | @ay z 000yy | |
| 200 | 1 | @a这就是男人@Azhe jiu shi nan ren@e写给女人@f天舒, 亚涛, 小理编著 |
| 210 | @a北京@c中国城市出版社@d2003 | |
| 215 | @a399页@d21cm | |
| 300 | @a其他题名:写给女人 | |
| 330 | @a本书介绍的是男士的事情,生活在现代文明中的男人,大都是在心灵上戴着枷锁的舞者。他们的微笑有时是含着泪的,他们的刚强有时是伪装的,他们把一切风光外现给他人看的,所包装和掩饰的往往是一颗脆弱的心。 | |
| 517 | 1 | @a写给女人@Axie gei nu ren |
| 606 | 0 | @a男性@x心理学@j通俗读物 |
| 690 | @aB844.6-49@v4 | |
| 701 | 0 | @a亚涛@Aya tao@4编著 |
| 701 | 0 | @a小理@Axiao li@4编著 |
| 701 | 0 | @a天舒@Atian shu@4编著 |
| 801 | 2 | @aCN@c20070905 |
| 905 | @dB844.6-49@eT594 | |
| 这就是男人:写给女人/天舒, 亚涛, 小理编著.-北京:中国城市出版社,2003 |
| 399页;21cm |
| 其他题名:写给女人 |
| ISBN 7-5074-1443-4:CNY22.00 |
| 本书介绍的是男士的事情,生活在现代文明中的男人,大都是在心灵上戴着枷锁的舞者。他们的微笑有时是含着泪的,他们的刚强有时是伪装的,他们把一切风光外现给他人看的,所包装和掩饰的往往是一颗脆弱的心。 |
| ● |
| 相关链接 |
|
|
|
正题名:这就是男人
索取号:B844.6-49/T594
 
预约/预借
| 序号 | 登录号 | 条形码 | 馆藏地/架位号 | 状态 | 备注 |
| 1 | 625573 | 206255737 | 社科库509/509社科库 39排4列4层/ [索取号:B844.6-49/T594] | 在馆 | |
| 2 | 625574 | 206255746 | 社科库509/509社科库 39排4列4层/ [索取号:B844.6-49/T594] | 在馆 | |
| 3 | 625575 | 206255755 | 社科库509/509社科库 39排4列4层/ [索取号:B844.6-49/T594] | 在馆 |